Race and ethnic relations, 03/04 / (Record no. 201)

MARC details
000 -LEADER
fixed length control field 00504nam a22001577a 4500
008 - FIXED-LENGTH DATA ELEMENTS--GENERAL INFORMATION
fixed length control field 111028t xxu||||| |||| 00| 0 eng d
020 ## - INTERNATIONAL STANDARD BOOK NUMBER
International Standard Book Number 0072838132 9780072838138
050 ## - LIBRARY OF CONGRESS CALL NUMBER
Classification number E184 A1 R23
100 ## - MAIN ENTRY--PERSONAL NAME
Personal name Kromkowski, John A
245 ## - TITLE STATEMENT
Title Race and ethnic relations, 03/04 /
Statement of responsibility, etc. John A. Kromkowski.
260 ## - PUBLICATION, DISTRIBUTION, ETC.
Place of publication, distribution, etc. Guilford, Conn:
Name of publisher, distributor, etc. McGraw-Hill/Dushkin,
Date of publication, distribution, etc. 2003.
650 ## - SUBJECT ADDED ENTRY--TOPICAL TERM
Topical term or geographic name entry element Race relations.
650 ## - SUBJECT ADDED ENTRY--TOPICAL TERM
Topical term or geographic name entry element Culture conflict
General subdivision United States.
651 ## - SUBJECT ADDED ENTRY--GEOGRAPHIC NAME
Geographic name United States.
General subdivision Race relations.
942 ## - ADDED ENTRY ELEMENTS (KOHA)
Source of classification or shelving scheme Library of Congress Classification
Koha item type Books
Holdings
Withdrawn status Lost status Source of classification or shelving scheme Damaged status Not for loan Home library Current library Shelving location Date acquired Total Checkouts Full call number Barcode Date last seen Copy number Price effective from Koha item type
    Library of Congress Classification     WISCONSIN INTERNATIONAL UNIVERSITY COLLEGE, GHANA - MAIN LIBRARY WISCONSIN INTERNATIONAL UNIVERSITY COLLEGE, GHANA - MAIN LIBRARY General Stacks 28/10/2011   E184 A1 R23 504/11 28/10/2011 1 28/10/2011 Books

If you have any concerns or questions; kindly contact the library


© Powered by WIUC ICT DIRECTORATE